000 01670cam a2200325 i 4500
001 768714001
003 CO-MdFUSB
005 20220714172608.0
007 ta
008 990127t19991999nyua bkq 001 0 eng
020 _a0028647505
040 _aDLC
_cCO-MdFUSB
_dZGM
_dTXD
_dUtOrBLW
_bspa
_erda
041 _aeng
082 _223
_a780.98
_bM987
245 1 0 _aMusic in Latin American culture :
_bregional traditions
_c/ editado por John M. Schechter
264 1 _aNew York :
_bSchirmer Books,
_c[1999]
264 4 _c©1999.
300 _a 496 páginas :
_bilustraciones, mapas
_c24 cm
336 _atexto
_btxt
_2rdacontent.
337 _asin mediación
_bn
_2rdamedia.
338 _avolumen
_bnc
_2rdacarrier.
504 _aIncluye referencias bibliográficas, discografías, filmografías e índice.
505 _aTemas en la cultura musical latinoamericana / John M. Schechter -- Tradiciones musicales populares mexicanas : el Mariachi del Occidente de México y el Conjunto Jarocho de Veracruz / Daniel Sheehy -- América Central : la marimba y otras músicas de Guatemala y Nicaragua / T.M. Scruggs -- Músicas del Caribe : Haití y Trinidad y Tobago / Gage Averill -- Nordeste de Brasil / Larry Crook -- Músicas del cono sur : Chile, Argentina y Uruguay / Ercilia Moreno Chá -- Colombia Andina / William J. Gradante -- Música Andina Perú / Raúl R. Romero -- Más allá de la región : tradiciones transnacionales y transculturales / John M. Schechter.
563 _aPasta dura
653 _aMúsica -- América Latina -- Historia.
700 1 _aSchechter, John Mendell.
_eeditor
942 _cBK
945 _aJTF-925
999 _c67303
_d67303